000 01878nam a22002657a 4500
005 20250912095733.0
006 a|||||r|||||||||||
008 s2016 nyua b 001 0 eng |
020 _a9780500292648
040 _aGR-AtMCL
_beng
_eAACR2
100 _aJohnston, Lucy
_910107
245 1 0 _a19th-century fashion in detail /
_cLucy Johnston with Marion Kite and helen Persson ; photographs by Richard Davis ; drawings by Leonie Davis.
246 3 _aNineteenth-century fashion in detail
250 _aRevised and expanded edition
264 1 _aNew York, NY :
_bThames & Hudson,
_c2016.
300 _a240 p. :
_bill. ;
_c29 cm.
500 _aFirst published in the United Kingdom in 2005 by the Victoria and Albert Museum, London
504 _aIncludes bibliographical references (pages 236, 238) and index.
520 _aFashion in Detail: 1800–1900 showcases the opulence and variety of nineteenth century fashion through exquisite color photography of garment details paired with line drawings showing the complete construction of each piece. From the delicate embroidery on neoclassical gowns to the vibrant colors of crinolines and the elegant tailoring of men’s coats, the richness of the period is revealed in breathtaking detail. The featured garments, drawn from the Victoria and Albert Museum’s world-class collection, were at the height of fashion in their day. They display a remarkable range of colors, materials, and construction details: from the intricate boning of women’s corsets to the patterned silk of men’s waistcoats. Seen up close and further illuminated by detailed commentary, these carefully chosen garments illustrate many of the major themes of nineteenth-century dress.
650 0 _aClothing and dress
_xHistory
_910087
650 0 _aFashion
_99926
650 0 _aFashion design
_910081
942 _cBK
999 _c9933
_d9933